Applied cryptography : (Record no. 28)
[ view plain ]
| 000 -LEADER | |
|---|---|
| fixed length control field | 00658cam a22002172 4500 |
| 001 - CONTROL NUMBER | |
| control field | 0000000141 |
| 005 - DATE AND TIME OF LATEST TRANSACTION | |
| control field | 20151021151038.0 |
| 008 - FIXED-LENGTH DATA ELEMENTS--GENERAL INFORMATION | |
| fixed length control field | 070111s xx 000 0 eng d |
| 020 ## - INTERNATIONAL STANDARD BOOK NUMBER | |
| International Standard Book Number | 997151348X : |
| Terms of availability | KES 3,950 |
| 040 ## - CATALOGING SOURCE | |
| Original cataloging agency | KABU |
| Transcribing agency | KABU |
| 100 1# - MAIN ENTRY--PERSONAL NAME | |
| Personal name | Schneier, Bruce. |
| -- | 0000148176 |
| 245 10 - TITLE STATEMENT | |
| Title | Applied cryptography : |
| Remainder of title | protocols, algorithms and source code in C. |
| 250 ## - EDITION STATEMENT | |
| Edition statement | 2nd ed. |
| 260 ## - PUBLICATION, DISTRIBUTION, ETC. (IMPRINT) | |
| Place of publication, distribution, etc. | New York : |
| Name of publisher, distributor, etc. | John Wiley, |
| Date of publication, distribution, etc. | 1996. |
| 300 ## - PHYSICAL DESCRIPTION | |
| Extent | xxiii, 758 p. |
| 650 #0 - SUBJECT ADDED ENTRY--TOPICAL TERM | |
| Topical term or geographic name as entry element | Computer security. |
| -- | 0000148177 |
| 650 #0 - SUBJECT ADDED ENTRY--TOPICAL TERM | |
| Topical term or geographic name as entry element | Cryptography. |
| -- | 0000067596 |
| 908 ## - PUT COMMAND PARAMETER (RLIN) | |
| Put command parameter | 070111 |
| 950 ## - LOCAL HOLDINGS (RLIN) | |
| -- | 1 |
| Withdrawn status | Lost status | Source of classification or shelving scheme | Not for loan | Home library | Current library | Date acquired | Total Checkouts | Total Renewals | Full call number | Barcode | Date last seen | Date last checked out | Price effective from | Koha item type |
|---|---|---|---|---|---|---|---|---|---|---|---|---|---|---|
| Library of Congress Classification | Kabarak, Main Campus | Kabarak, Main Campus | 17/12/2015 | 4 | QA76.9 .A25S36 1996 | 003230 | 27/08/2019 | 26/08/2019 | 17/12/2015 | General Collection | ||||
| Library of Congress Classification | Kabarak, Main Campus | Kabarak, Main Campus | 17/12/2015 | 2 | 1 | QA76.9 .A25S36 1996 | 003231 | 13/05/2024 | 09/04/2024 | 17/12/2015 | General Collection | |||
| Library of Congress Classification | Kabarak, Nakuru City Campus | Kabarak, Nakuru City Campus | 21/10/2015 | 1 | 1 | QA76.9 .A25S36 1996 | 005611 | 15/08/2017 | 11/07/2017 | 21/10/2015 | General Collection |